01271cam a2200313 a 4500952014900000999001700149001000900166003000400175005001700179008004100196010001700237020001800254040001800272050002200290082001800312100002700330245010700357250001200464260003400476300003900510504005100549650002800600650002900628700003000657856009100687856009200778906004500870942004200915 00102ddc40708MATHEMATICSaMESbMEScPHYd2021-09-25e34g673.52l0o515.35 BOY/Ep41222r2021-09-25 00:00:00v929.00w2021-09-25yBKzGL11R1 c41126d4112616466848OSt20210705135337.0100920s2009 njua b 001 0 eng  a 2010483814 a9788126577484 aDLCcDLCdDLC00aQA371b.B773 2009 a515.35bBOY/E aBoyce, William E9387910aElementary differential equations and boundary value problems /cWilliam E. Boyce, Richard C. DiPrima. a9th ed. aHoboken, NJ :bWiley,cc2009. axii, 605 p. :bcol. ill. ;c27 cm. aIncludes bibliographical references and index. 0aDifferential equations. 0aBoundary value problems.1 aDiPrima, Richard C.98622423Publisher descriptionuhttp://www.loc.gov/catdir/enhancements/fy1101/2010483814-d.html413Table of contents onlyuhttp://www.loc.gov/catdir/enhancements/fy1101/2010483814-t.html a7bcbccorigcopd2eepcnf20gy-gencatlg 2ddccBKh515.35iBOY/Ek515.35mBOY/E